Music Quiz

Random Music or Artist Quiz

Self-titled Albums by Cover Quiz Stats

 Plays Quiz Updated Apr 27, 2015

Also try: Lego Album Covers
Challenge
Share
Tweet
Score 0/25 Timer 06:00
1 Play Today
% Correct
Bob Dylan
93.3%
David Bowie
91.4%
Led Zeppelin
89.7%
The Beatles
87.2%
Iron Maiden
86.4%
The White Stripes
76.2%
Weezer
76%
Franz Ferdinand
74.5%
Journey
64.9%
ABBA
62.3%
The Cure
62.2%
Björk
62.1%
Rage Against the Machine
61%
% Correct
Genesis
59.8%
Black Sabbath
55.2%
The Smiths
46.4%
Vampire Weekend
42.3%
Jefferson Airplane
40.1%
Kylie Minogue
37.8%
Interpol
36.5%
The xx
33.9%
Wilco
30.4%
The Byrds
28.8%
The Libertines
28.3%
Kasabian
22.3%

You're not logged in!

Compare scores with friends on all Sporcle quizzes.
Join for Free
OR
Log In

You Might Also Like...

Show Comments

Extras

Top Quizzes Today


Score Distribution

Your Account Isn't Verified!

In order to create a playlist on Sporcle, you need to verify the email address you used during registration. Go to your Sporcle Settings to finish the process.

Report this User

Report this user for behavior that violates our Community Guidelines.

Details: